00695 am a2200205 a 45000010005000000030009000050050017000140080039000310200017000700400028000870840011001151000037001262450066001632500084002293000025003134900028003385000040003666500040004066500043004464068CO-ViMGA20251027141730.0150625s2015 ck gr 000 jdspa a978958424693 aCO-ViMGAbspacCO-ViMGA aC FONN10aFontanarrosa, Robertod1944-200710aNo se si he sido claro y otros cuentos cRoberto Fontanarrosa aEdicion especial para El Ministerio de Cultura, Biblioteca Nacional de Colombia a258 pg̀inas c21 cm0 aBiblioteca Fontanarrosa aIncluye datos biograficos del autor14aCuentos argentinosySiglo XXI2LEMB14aLiteratura argentina ySiglo XXI2LEMB